[Event "zonal 14"]
[Site "Espoo FIN"]
[Date "1989.??.??"]
[Round "?"]
[White "Agdestein, Simen"]
[Black "Ostenstad, Berge"]
[Result "1/2-1/2"]
[WhiteElo "2605"]
[BlackElo "2430"]
[EventDate "1989.07.??"]
[PlyCount "95"]

1.d4 Nf6 2.c4 e6 3.Nf3 b6 4.g3 Bb7 5.Bg2 Be7 6.Nc3 Ne4 7.Nxe4 Bxe4 8.Nh4 
Bxg2 9.Nxg2 d5 10.Qa4+ c6 11.O-O Qd7 12.Bd2 b5 13.cxb5 cxb5 14.Qb3 Nc6 15.
e3 O-O 16.Ne1 Rfb8 17.Nd3 a5 18.a4 b4 19.f3 Rc8 20.Be1 Bd6 21.Bf2 Ne7 22.
Rfc1 Rxc1+ 23.Rxc1 Rc8 24.Qd1 Rxc1 25.Nxc1 Qc6 26.b3 Bc7 27.Nd3 h6 28.Kg2 
Bd6 29.Qc1 Qxc1 30.Nxc1 f6 31.g4 Kf7 32.h4 g5 33.Nd3 f5 34.Bg3 Bxg3 35.
Kxg3 fxg4 36.Ne5+ Kg7 37.fxg4 Kf6 38.Nd7+ Kf7 39.Ne5+ Kf6 40.Nd7+ Kf7 41.
hxg5 hxg5 42.Ne5+ Kf6 43.Kf3 Kg7 44.Ke2 Kf6 45.Kd2 Kg7 46.Kd3 Kf6 47.e4 
Kg7 48.Nf3 1/2-1/2

[Event "zonal 14"]
[Site "Espoo FIN"]
[Date "1989.??.??"]
[Round "?"]
[White "Agdestein, Simen"]
[Black "Petursson, Margeir"]
[Result "1-0"]
[WhiteElo "2605"]
[BlackElo "2590"]
[EventDate "1989.07.??"]
[PlyCount "95"]

1.d4 Nf6 2.c4 e6 3.g3 c5 4.d5 exd5 5.cxd5 d6 6.Bg2 g6 7.e4 Bg7 8.Ne2 O-O 
9.O-O Re8 10.Nec3 b5 11.e5 Rxe5 12.Nxb5 Qb6 13.N1c3 Ba6 14.a4 Re8 15.Bf4 
Bxb5 16.Nxb5 Rd8 17.b4 Na6 18.bxc5 Nxc5 19.Rb1 Nh5 20.Bd2 Rab8 21.Qc2 Qa6 
22.Rb4 Rbc8 23.Rfb1 Nf6 24.Qd1 Nfd7 25.Bf1 Ne5 26.Be3 h5 27.Bh3 f5 28.Bf1 
Qa5 29.Bg5 Rd7 30.f3 a6 31.Nd4 Nf7 32.Nc6 Qc7 33.Bf4 Ne5 34.Rb6 Kh7 35.
Bxa6 Ra8 36.Be2 Rxa4 37.Nxe5 dxe5 38.Be3 Ra3 39.Bf2 Na4 40.Rc6 Qa5 41.Rb5 
Qa8 42.Qc1 Ra2 43.Rc8 Qa6 44.Rb2 Nxb2 45.Bxa6 Rxd5 46.Be2 e4 47.Rc7 Nd3 
48.Qc6 1-0

[Event "zonal 14"]
[Site "Espoo FIN"]
[Date "1989.??.??"]
[Round "?"]
[White "Agdestein, Simen"]
[Black "Tisdall, Jonathan"]
[Result "1/2-1/2"]
[WhiteElo "2605"]
[BlackElo "2465"]
[EventDate "1989.07.??"]
[PlyCount "37"]

1.d4 Nf6 2.c4 g6 3.Nc3 d5 4.cxd5 Nxd5 5.e4 Nxc3 6.bxc3 c5 7.Be3 Bg7 8.Rc1 
Qa5 9.Qd2 cxd4 10.cxd4 Qxd2+ 11.Kxd2 O-O 12.d5 e6 13.Bc4 exd5 14.Bxd5 Nc6 
15.Nf3 Nb4 16.Bc5 Bh6+ 17.Be3 Bg7 18.Bc5 Bh6+ 19.Be3 1/2-1/2

[Event "zonal 14"]
[Site "Espoo FIN"]
[Date "1989.??.??"]
[Round "?"]
[White "Arnason, Jon"]
[Black "Hansen, Curt"]
[Result "0-1"]
[WhiteElo "2520"]
[BlackElo "2550"]
[EventDate "1989.07.??"]
[PlyCount "106"]

1.e4 d5 2.exd5 Qxd5 3.Nc3 Qa5 4.d4 Nf6 5.Bc4 Bf5 6.Nf3 e6 7.O-O c6 8.Ne5 
Nbd7 9.Qe2 Bb4 10.Nxd7 Nxd7 11.Ne4 Bg6 12.c3 Be7 13.Bf4 O-O 14.Nd6 b5 15.
Bb3 Nf6 16.c4 Qb4 17.Bd1 Bxd6 18.a3 Qxc4 19.Qxc4 bxc4 20.Bxd6 Rfd8 21.Be5 
Bd3 22.Re1 Rac8 23.b3 Nd7 24.Bd6 c5 25.Be7 Re8 26.Bxc5 Nxc5 27.dxc5 Rxc5 
28.bxc4 Rxc4 29.h3 Rb8 30.Be2 Bxe2 31.Rxe2 Kf8 32.a4 Rbb4 33.a5 Ra4 34.
Rxa4 Rxa4 35.Re5 Ke7 36.Rb5 a6 37.Rh5 h6 38.g4 f5 39.gxf5 e5 40.Kg2 Kf6 
41.Kg3 Rxa5 42.Rh4 Kxf5 43.Rc4 Ra3+ 44.Kg2 a5 45.Rc7 g6 46.Ra7 a4 47.Ra8 
h5 48.Rf8+ Ke4 49.Rg8 Rb3 50.Rxg6 a3 51.Ra6 Kd3 52.Ra5 Kc2 53.Rxe5 a2 0-1

[Event "zonal 14"]
[Site "Espoo FIN"]
[Date "1989.??.??"]
[Round "?"]
[White "Arnason, Jon"]
[Black "Larsen, Bent"]
[Result "1/2-1/2"]
[WhiteElo "2520"]
[BlackElo "2530"]
[EventDate "1989.07.??"]
[PlyCount "92"]

1.e4 c5 2.Nf3 Nc6 3.d4 cxd4 4.Nxd4 g6 5.c4 Bg7 6.Be3 Nf6 7.Nc3 d6 8.Be2 
O-O 9.O-O Bd7 10.Qd2 Nxd4 11.Bxd4 Bc6 12.f3 a5 13.b3 Nd7 14.Be3 Nc5 15.
Rab1 Qb6 16.Rfc1 Rfc8 17.Rc2 h5 18.Bf1 Kh7 19.Qf2 Qd8 20.a3 Qh8 21.Nd5 
Bxd5 22.exd5 Nd7 23.Kh1 Re8 24.Rd1 Rac8 25.b4 axb4 26.axb4 e6 27.c5 Nf6 
28.dxe6 Rxe6 29.Rxd6 Rxd6 30.cxd6 Nd5 31.Bg5 f6 32.Rxc8 Qxc8 33.Bd2 Qe6 
34.Bc4 b5 35.Ba2 f5 36.Qc5 Qe2 37.d7 Bf6 38.Bxd5 Qxd2 39.g4 h4 40.gxf5 
gxf5 41.Bc6 Qe1+ 42.Qg1 Qe2 43.Bd5 Kh6 44.Qc1+ Kh7 45.Qg1 Kh6 46.Qc1+ Kh7 
1/2-1/2

[Event "zonal 14"]
[Site "Espoo FIN"]
[Date "1989.??.??"]
[Round "?"]
[White "Arnason, Jon"]
[Black "Westerinen, Heikki"]
[Result "0-1"]
[WhiteElo "2520"]
[BlackElo "2435"]
[EventDate "1989.07.??"]
[PlyCount "54"]

1.e4 e5 2.Nf3 Nc6 3.Bb5 Nf6 4.O-O Nxe4 5.d4 Nd6 6.Bxc6 dxc6 7.dxe5 Ne4 8.
Nd4 Bc5 9.Be3 Bb6 10.c4 Qe7 11.Qc2 Bxd4 12.Bxd4 Bf5 13.Qa4 Rd8 14.Qxa7 b6 
15.Bc3 O-O 16.Qa4 Qe6 17.Qb3 Nc5 18.Qb4 Nd3 19.Qb3 Nf4 20.g3 Ne2+ 21.Kh1 
Be4+ 22.f3 Nxg3+ 23.Kg1 Nxf1 24.fxe4 Qg4+ 25.Kxf1 Qf3+ 26.Ke1 Rd3 27.Qa4 
Qxe4+ 0-1

[Event "zonal 14"]
[Site "Espoo FIN"]
[Date "1989.??.??"]
[Round "?"]
[White "Hansen, Curt"]
[Black "Karlsson, Lars"]
[Result "1/2-1/2"]
[WhiteElo "2550"]
[BlackElo "2510"]
[EventDate "1989.07.??"]
[PlyCount "103"]

1.Nf3 d6 2.e4 Bg4 3.d4 e6 4.h3 Bh5 5.c4 Nd7 6.Nc3 Be7 7.Be3 Bxf3 8.Qxf3 
Bg5 9.Qg3 Bxe3 10.fxe3 g6 11.O-O-O a6 12.Be2 Qe7 13.c5 h5 14.Kb1 h4 15.
cxd6 cxd6 16.Qf4 O-O-O 17.e5 g5 18.Qe4 Kb8 19.exd6 Qxd6 20.Bf3 Qb4 21.d5 
Qxe4+ 22.Nxe4 exd5 23.Rxd5 Ngf6 24.Nxf6 Nxf6 25.Rxg5 Rhe8 26.Rf5 Ne4 27.
Rxf7 Nd2+ 28.Kc2 Nxf3 29.Rxf3 Re6 30.g4 hxg3 31.Rxg3 Rc6+ 32.Kb1 Rd2 33.
Rc1 Rf6 34.Rg8+ Ka7 35.Rgc8 Rh2 36.e4 Rxh3 37.Re1 Re6 38.Rc2 Kb6 39.a4 Rh4
40.Rc4 Ka5 41.Re3 b5 42.axb5 Kxb5 43.Rd4 Kc5 44.Rd5+ Kc6 45.Rc3+ Kb6 46.e5
Re4 47.Rcc5 Rc6 48.Rxc6+ Kxc6 49.Rd6+ Kc7 50.Re6 Kd7 51.Rxa6 Rxe5 52.Ka2 
1/2-1/2

[Event "zonal 14"]
[Site "Espoo FIN"]
[Date "1989.??.??"]
[Round "?"]
[White "Hansen, Curt"]
[Black "Olafsson, Helgi"]
[Result "1-0"]
[WhiteElo "2550"]
[BlackElo "2545"]
[EventDate "1989.07.??"]
[PlyCount "55"]

1.c4 c5 2.Nc3 Nc6 3.Nf3 Nf6 4.g3 d5 5.cxd5 Nxd5 6.Bg2 e6 7.O-O Be7 8.d4 
O-O 9.Nxd5 exd5 10.dxc5 Bxc5 11.Bg5 Qb6 12.Rc1 h6 13.Qxd5 Be7 14.Bxe7 Nxe7
15.Qc5 Nc6 16.Qxb6 axb6 17.a3 b5 18.Rc5 b4 19.axb4 Nxb4 20.Nd4 Ra2 21.Rb1 
Na6 22.Rc3 b5 23.Nxb5 Bf5 24.e4 Rb8 25.exf5 Rxb5 26.Rc8+ Kh7 27.Bf1 Rb7 
28.Bc4 1-0

[Event "zonal 14"]
[Site "Espoo FIN"]
[Date "1989.??.??"]
[Round "?"]
[White "Hansen, Curt"]
[Black "Petursson, Margeir"]
[Result "1/2-1/2"]
[WhiteElo "2550"]
[BlackElo "2590"]
[EventDate "1989.07.??"]
[PlyCount "99"]

1.c4 Nf6 2.Nc3 e5 3.Nf3 Nc6 4.e3 Bb4 5.Qc2 Bxc3 6.Qxc3 Qe7 7.Be2 d5 8.d4 
exd4 9.Nxd4 Nxd4 10.Qxd4 c5 11.Qh4 dxc4 12.Bxc4 O-O 13.O-O Rd8 14.b3 Qe5 
15.Rb1 Qe4 16.Qxe4 Nxe4 17.Rb2 Be6 18.Bxe6 fxe6 19.f3 Nf6 20.e4 Rd7 21.Be3
b6 22.Kf2 Rad8 23.Ke2 Kf7 24.Rc1 a5 25.a3 Rd3 26.e5 Ng8 27.b4 Rxa3 28.bxc5
bxc5 29.Bxc5 Ra4 30.Rb7+ Kg6 31.g4 Ra2+ 32.Ke3 h5 33.Bb6 Ra3+ 34.Ke2 Ra2+ 
35.Ke3 Ra3+ 36.Ke2 Ra2+ 37.Ke1 Rdd2 38.Rcc7 Re2+ 39.Kf1 hxg4 40.fxg4 Kg5 
41.Rxg7+ Kf4 42.Rbf7+ Ke4 43.Bf2 Ne7 44.Kg2 Nf5 45.gxf5 Rxf2+ 46.Kg1 Rxf5 
47.Rxf5 Kxf5 48.h4 Re2 49.h5 Rxe5 50.h6 1/2-1/2

[Event "zonal 14"]
[Site "Espoo FIN"]
[Date "1989.??.??"]
[Round "?"]
[White "Hansen, Curt"]
[Black "Tisdall, Jonathan"]
[Result "1/2-1/2"]
[WhiteElo "2550"]
[BlackElo "2465"]
[EventDate "1989.07.??"]
[PlyCount "109"]

1.d4 e6 2.c4 f5 3.Nf3 Nf6 4.g3 d5 5.Bg2 c6 6.O-O Bd6 7.b3 Qe7 8.Ne5 O-O 9.
Bb2 b6 10.cxd5 cxd5 11.Nc4 b5 12.Nxd6 Qxd6 13.Qd3 Bd7 14.Nd2 Na6 15.a3 b4 
16.a4 Rac8 17.Nf3 Rc7 18.Rac1 Rfc8 19.Rxc7 Rxc7 20.Ne5 Nb8 21.h3 Bc8 22.
Rc1 Ba6 23.Qe3 Rxc1+ 24.Bxc1 Ne4 25.Bd2 Bb7 26.Be1 Nc6 27.Nxc6 Bxc6 28.f3 
Nf6 29.Bxb4 Qxb4 30.Qxe6+ Kf8 31.Qxc6 Qxd4+ 32.Kh2 Qe3 33.b4 Kf7 34.Qc2 d4
35.b5 g5 36.Qc5 f4 37.Qxg5 fxg3+ 38.Qxg3 Qxe2 39.Qc7+ Kg6 40.a5 d3 41.b6 
axb6 42.axb6 d2 43.b7 d1=Q 44.Qg3+ Kf7 45.b8=Q Qd4 46.f4 Qed1 47.Qc7+ Qd7 
48.Qc4+ Qe6 49.Qc5 Qed6 50.Qcg5 Q6d4 51.Qg7+ Ke6 52.h4 Q1g1+ 53.Kh3 Qge3 
54.Bf3 Qexf4 55.Qxf4 1/2-1/2

[Event "zonal 14"]
[Site "Espoo FIN"]
[Date "1989.??.??"]
[Round "?"]
[White "Hansen, Curt"]
[Black "Yrjola, Jouni"]
[Result "1/2-1/2"]
[WhiteElo "2550"]
[BlackElo "2460"]
[EventDate "1989.07.??"]
[PlyCount "98"]

1.d4 f5 2.g3 Nf6 3.Bg2 e6 4.c4 d5 5.Nh3 c6 6.O-O Bd6 7.b3 O-O 8.Ba3 Bxa3 
9.Nxa3 Qe7 10.Qc1 b6 11.Nf4 Bb7 12.b4 Nbd7 13.Qb2 a6 14.Rfc1 b5 15.c5 Ne4 
16.Nc2 g5 17.Nd3 f4 18.f3 Nd2 19.Na3 Nc4 20.Nxc4 dxc4 21.Nf2 Nf6 22.Re1 
Qc7 23.Ne4 Nxe4 24.fxe4 fxg3 25.e5 gxh2+ 26.Kh1 Rf2 27.Qc3 Raf8 28.Qg3 
R2f4 29.Qxg5+ Qg7 30.Qxg7+ Kxg7 31.Rad1 Rd8 32.e3 Rf2 33.a3 Rdf8 34.Bh3 
Bc8 35.e4 c3 36.Rd3 c2 37.Bg2 Bd7 38.Rc1 Re2 39.Rg3+ Kh8 40.Kxh2 Be8 41.
Kh3 Rd2 42.Rc3 Rxd4 43.R1xc2 Bg6 44.Re2 Kg7 45.Kg3 Kh6 46.Bh3 Re8 47.Kf4 
Rf8+ 48.Kg3 Re8 49.Kf4 Rf8+ 1/2-1/2

[Event "zonal 14"]
[Site "Espoo FIN"]
[Date "1989.??.??"]
[Round "?"]
[White "Karlsson, Lars"]
[Black "Arnason, Jon"]
[Result "1/2-1/2"]
[WhiteElo "2510"]
[BlackElo "2520"]
[EventDate "1989.07.??"]
[PlyCount "65"]

1.Nf3 c5 2.c4 Nc6 3.g3 g6 4.Bg2 Bg7 5.Nc3 e6 6.O-O Nge7 7.Ne4 d6 8.d3 h6 
9.Rb1 b6 10.Bf4 e5 11.Bd2 O-O 12.a3 a5 13.Nc3 Be6 14.Ne1 d5 15.cxd5 Nxd5 
16.Nc2 Rb8 17.Re1 Kh7 18.Nxd5 Bxd5 19.Bxd5 Qxd5 20.b4 axb4 21.axb4 e4 22.
Ne3 Qe6 23.dxe4 Qxe4 24.Qc2 Qxc2 25.Nxc2 Rbd8 26.Red1 cxb4 27.Bxb4 Rxd1+ 
28.Rxd1 Re8 29.Kf1 Nxb4 30.Nxb4 Rf8 31.Nd5 Rb8 32.Rb1 b5 33.e4 1/2-1/2

[Event "zonal 14"]
[Site "Espoo FIN"]
[Date "1989.??.??"]
[Round "?"]
[White "Karlsson, Lars"]
[Black "Mortensen, Erling"]
[Result "1-0"]
[WhiteElo "2510"]
[BlackElo "2475"]
[EventDate "1989.07.??"]
[PlyCount "77"]

1.g3 Nf6 2.f4 d5 3.Nf3 c5 4.Bg2 g6 5.O-O Bg7 6.d3 Nc6 7.Nc3 d4 8.Na4 Nd7 
9.Ng5 Qc7 10.f5 Nd8 11.c3 gxf5 12.Rxf5 Ne5 13.Rf1 Ng4 14.Bf4 e5 15.Bd2 Qe7
16.Ne4 Ne6 17.cxd4 exd4 18.Rc1 O-O 19.Naxc5 Nxc5 20.Rxc5 Be6 21.Bg5 f6 22.
Bf4 Ne3 23.Bxe3 dxe3 24.Rb5 b6 25.Nc3 Rac8 26.Bd5 Kh8 27.Bxe6 Qxe6 28.Rbf5
Rc5 29.Rxc5 bxc5 30.Qb3 Qc8 31.Nd5 f5 32.Nf4 Be5 33.Qd5 Bxb2 34.Ne6 Rf6 
35.Nxc5 f4 36.Rxf4 Rxf4 37.gxf4 Qg4+ 38.Qg2 Qxf4 39.Qa8+ 1-0

[Event "zonal 14"]
[Site "Espoo FIN"]
[Date "1989.??.??"]
[Round "?"]
[White "Karlsson, Lars"]
[Black "Westerinen, Heikki"]
[Result "1/2-1/2"]
[WhiteElo "2510"]
[BlackElo "2435"]
[EventDate "1989.07.??"]
[PlyCount "120"]

1.c4 e5 2.Nc3 f5 3.d4 exd4 4.Qxd4 Nc6 5.Qd1 Nf6 6.e3 Bb4 7.Ne2 Ne4 8.a3 
Nxc3 9.bxc3 Ba5 10.Qd5 Qf6 11.Bd2 d6 12.Nd4 Bd7 13.Be2 Bb6 14.Nf3 O-O-O 
15.Qd3 Be6 16.Qc2 Ne5 17.Nd4 Nxc4 18.Nxe6 Qxe6 19.Bxc4 Qxc4 20.Qxf5+ Kb8 
21.Qf3 Rhe8 22.Qe2 Re4 23.Qxc4 Rxc4 24.Ke2 Ra4 25.h4 Bc5 26.Bc1 h5 27.Bb2 
g6 28.g3 d5 29.Rhd1 c6 30.f3 Re8 31.Bc1 b5 32.Kd3 Kb7 33.Ra2 Kb6 34.Rg1 
Rf8 35.f4 Re8 36.g4 Rae4 37.Re2 Ra4 38.gxh5 gxh5 39.Rg5 Rh8 40.Ra2 Be7 41.
Re5 Bf6 42.Re6 Bxh4 43.Rg2 Be1 44.Rg1 Re4 45.Rd6 Kc7 46.Rf6 Bh4 47.Rg7+ 
Kb6 48.Rff7 a5 49.Rh7 Rxh7 50.Rxh7 Be7 51.Rxh5 Kc7 52.Rh7 Kd8 53.Rh6 Kd7 
54.Rh7 Ke6 55.Rh6+ Bf6 56.Rh7 Kf5 57.Ra7 a4 58.Rc7 Rc4 59.Bd2 Ke6 60.Ra7 
Be7 1/2-1/2

[Event "zonal 14"]
[Site "Espoo FIN"]
[Date "1989.??.??"]
[Round "?"]
[White "Larsen, Bent"]
[Black "Ostenstad, Berge"]
[Result "1-0"]
[WhiteElo "2530"]
[BlackElo "2430"]
[EventDate "1989.07.??"]
[PlyCount "125"]

1.b3 e5 2.Bb2 Nc6 3.c4 g6 4.g3 Bg7 5.Bg2 d6 6.Nc3 f5 7.d3 Nf6 8.e3 O-O 9.
Nge2 Rb8 10.Qd2 Re8 11.O-O Be6 12.Nd5 Nd7 13.d4 Bf7 14.dxe5 dxe5 15.Rad1 
Nf8 16.Qc1 Qc8 17.Qa1 Nd8 18.f4 Nd7 19.e4 c6 20.Ne3 fxe4 21.Bh3 Ne6 22.
fxe5 Qc7 23.Rd6 Ndc5 24.Ng4 Rbd8 25.Bc3 Nd3 26.b4 Ng5 27.Bg2 Be6 28.Nf6+ 
Bxf6 29.Rxf6 Bxc4 30.Rxg6+ hxg6 31.Rxg6+ Kh7 32.Rxg5 Qb6+ 33.Nd4 Rxe5 34.
Rxe5 Nxe5 35.Bxe4+ Kg8 36.Kg2 Qa6 37.Nf5 Be6 38.b5 Qxb5 39.Qe1 Qc4 40.Bxe5
Qxa2+ 41.Kh3 Qd2 42.Qxd2 Rxd2 43.g4 a5 44.Kg3 Kf7 45.h4 Bd5 46.Bc3 Rd1 47.
Ne3 Rg1+ 48.Kf2 Bxe4 49.Kxg1 a4 50.Nc4 Ke6 51.Nb6 Bf3 52.g5 a3 53.g6 Bh5 
54.g7 Bf7 55.Kf2 Kf5 56.Kf3 a2 57.Ba1 Bh5+ 58.Kg3 Bf7 59.Nd7 Kg6 60.Kf4 b5
61.Ne5+ Kxg7 62.Nxf7+ Kxf7 63.Kg5 1-0

[Event "zonal 14"]
[Site "Espoo FIN"]
[Date "1989.??.??"]
[Round "?"]
[White "Larsen, Bent"]
[Black "Wedberg, Tom"]
[Result "1/2-1/2"]
[WhiteElo "2530"]
[BlackElo "2515"]
[EventDate "1989.07.??"]
[PlyCount "87"]

1.e4 e5 2.Bc4 Nf6 3.d3 Nc6 4.Nc3 Na5 5.Nge2 Nxc4 6.dxc4 d6 7.O-O Be6 8.b3 
c6 9.Bb2 Be7 10.a4 O-O 11.Qd2 Qc7 12.Rad1 Rad8 13.Qe3 Ng4 14.Qd3 f5 15.h3 
fxe4 16.Nxe4 Nf6 17.Ng5 Bc8 18.Nf4 exf4 19.Bxf6 g6 20.Bxe7 Qxe7 21.Nf3 Bf5
22.Qc3 Qf6 23.Qxf6 Rxf6 24.Rd2 c5 25.Re1 Re6 26.Rxe6 Bxe6 27.Kf1 h6 28.h4 
Kf7 29.Ng1 Kf6 30.Ne2 Ke5 31.Nc3 d5 32.f3 Rd7 33.cxd5 Bxd5 34.Re2+ Kf6 35.
Nxd5+ Rxd5 36.Re4 g5 37.Ke2 b6 38.c3 a6 39.b4 cxb4 40.cxb4 b5 41.a5 Rd8 
42.Kf2 Kf5 43.g4+ Kf6 44.h5 1/2-1/2

[Event "zonal 14"]
[Site "Espoo FIN"]
[Date "1989.??.??"]
[Round "?"]
[White "Larsen, Bent"]
[Black "Yrjola, Jouni"]
[Result "1/2-1/2"]
[WhiteElo "2530"]
[BlackElo "2460"]
[EventDate "1989.07.??"]
[PlyCount "103"]

1.Nf3 d6 2.d4 f5 3.c4 Nf6 4.Nc3 g6 5.g3 Bg7 6.Bg2 O-O 7.O-O Qe8 8.d5 Na6 
9.Nd4 Bd7 10.Rb1 c6 11.b3 Nc7 12.Bb2 c5 13.Nc2 b5 14.cxb5 Nxb5 15.Nxb5 
Bxb5 16.Na3 a5 17.Nxb5 Qxb5 18.a4 Qb4 19.Qc2 Ne4 20.Bxg7 Kxg7 21.Rfc1 Qd4 
22.Bxe4 fxe4 23.Qb2 Qxb2 24.Rxb2 Rf5 25.Rc4 e3 26.fxe3 Rxd5 27.Rb1 Rb8 28.
Kf2 Rd2 29.e4 Kf6 30.Ke3 Ra2 31.e5+ Kxe5 32.Re4+ Kf6 33.Rf1+ Kg5 34.Rxe7 
Rxb3+ 35.Kf2 Rxa4 36.Rxh7 Re4 37.Rd1 Re6 38.Rd5+ Kf6 39.g4 g5 40.h4 gxh4 
41.g5+ Kg6 42.Rh6+ Kf7 43.Rf5+ Ke7 44.Rh7+ Ke8 45.Rff7 Rb2 46.Kf3 Rbxe2 
47.Ra7 R6e3+ 48.Kf4 Re7 49.Ra8+ Kd7 50.Ra7+ Ke8 51.Rh8+ Kf7 52.Rh7+ 
1/2-1/2

[Event "zonal 14"]
[Site "Espoo FIN"]
[Date "1989.??.??"]
[Round "?"]
[White "Mortensen, Erling"]
[Black "Agdestein, Simen"]
[Result "1-0"]
[WhiteElo "2475"]
[BlackElo "2605"]
[EventDate "1989.07.??"]
[PlyCount "67"]

1.e4 e6 2.d3 d5 3.Nd2 c5 4.Ngf3 Nc6 5.g3 g6 6.Bg2 Bg7 7.O-O Nge7 8.Re1 O-O
9.h4 Qc7 10.h5 h6 11.hxg6 fxg6 12.c3 Kh7 13.Nb3 d4 14.cxd4 cxd4 15.e5 Bd7 
16.Nc5 b6 17.Nxd7 Qxd7 18.Re4 Rf5 19.Bh3 Qd5 20.Bxf5 gxf5 21.Re1 Rg8 22.
Bf4 Ng6 23.Ng5+ Kh8 24.Qh5 Bf8 25.Kh2 Kg7 26.Nf3 Rh8 27.Nh4 Nce7 28.Rac1 
Qd7 29.Rc2 Qe8 30.Rc7 Kh7 31.Rec1 Bg7 32.Nxg6 Qxg6 33.Qxg6+ Nxg6 34.Rxa7 
1-0

[Event "zonal 14"]
[Site "Espoo FIN"]
[Date "1989.??.??"]
[Round "?"]
[White "Mortensen, Erling"]
[Black "Hansen, Curt"]
[Result "0-1"]
[WhiteElo "2475"]
[BlackElo "2550"]
[EventDate "1989.07.??"]
[PlyCount "78"]

1.e4 d6 2.d4 Nf6 3.Nc3 g6 4.f4 Bg7 5.Nf3 O-O 6.Be2 c5 7.dxc5 Qa5 8.O-O 
Qxc5+ 9.Kh1 Nc6 10.Bd3 Bg4 11.Qe1 Rac8 12.Be3 Qa5 13.Nd2 Be6 14.f5 Bd7 15.
Nc4 Qd8 16.Qh4 b5 17.Nxb5 Nb4 18.Nxa7 Rxc4 19.Bxc4 Nxc2 20.Rae1 Qb8 21.e5 
dxe5 22.fxg6 hxg6 23.Bc5 Nxe1 24.Qxe1 Qc7 25.b4 Ra8 26.Nb5 Bxb5 27.Bxb5 
Rxa2 28.Bc4 Ra8 29.Qh4 e6 30.h3 Nd5 31.Rd1 Nc3 32.Rc1 e4 33.Qe7 Qxe7 34.
Bxe7 e3 35.b5 e2 36.b6 Bh6 37.Re1 Bd2 38.Rxe2 Nxe2 39.Bxe2 Rb8 0-1

[Event "zonal 14"]
[Site "Espoo FIN"]
[Date "1989.??.??"]
[Round "?"]
[White "Mortensen, Erling"]
[Black "Ostenstad, Berge"]
[Result "1-0"]
[WhiteElo "2475"]
[BlackElo "2430"]
[EventDate "1989.07.??"]
[PlyCount "69"]

1.e4 c6 2.c4 d5 3.exd5 cxd5 4.d4 Nf6 5.Nc3 e6 6.Nf3 Be7 7.cxd5 Nxd5 8.Bd3 
O-O 9.O-O Nf6 10.Re1 Nc6 11.a3 b6 12.Bg5 Bb7 13.Bc2 Rc8 14.Qd3 g6 15.Rad1 
Nd5 16.Bh6 Re8 17.Ba4 Bf8 18.Bg5 Be7 19.h4 a6 20.Nxd5 exd5 21.Bxc6 Rxc6 
22.Bxe7 Rxe7 23.h5 Rce6 24.Re5 Rxe5 25.Nxe5 Re6 26.hxg6 hxg6 27.Rc1 Kg7 
28.Qg3 Qd6 29.Rc3 Re7 30.Rf3 Bc8 31.Qg5 Rc7 32.g4 Kg8 33.Rf6 Qe7 34.Nxg6 
fxg6 35.Rxg6+ 1-0

[Event "zonal 14"]
[Site "Espoo FIN"]
[Date "1989.??.??"]
[Round "?"]
[White "Mortensen, Erling"]
[Black "Tisdall, Jonathan"]
[Result "1/2-1/2"]
[WhiteElo "2475"]
[BlackElo "2465"]
[EventDate "1989.07.??"]
[PlyCount "56"]

1.e4 e5 2.Nf3 Nc6 3.Bb5 a6 4.Ba4 Nf6 5.O-O Be7 6.Re1 b5 7.Bb3 d6 8.c3 O-O 
9.d4 Bg4 10.Be3 Na5 11.dxe5 Bxf3 12.Qxf3 dxe5 13.Bc2 Nc4 14.Bc1 c5 15.b3 
Nb6 16.Nd2 Qc7 17.a4 Rfd8 18.Nf1 Rab8 19.axb5 axb5 20.Ne3 g6 21.g3 Ra8 22.
Rxa8 Rxa8 23.Bd3 c4 24.bxc4 bxc4 25.Bf1 Ra2 26.Rd1 Kg7 27.Nd5 Nfxd5 28.
exd5 Bc5 1/2-1/2

[Event "zonal 14"]
[Site "Espoo FIN"]
[Date "1989.??.??"]
[Round "?"]
[White "Mortensen, Erling"]
[Black "Westerinen, Heikki"]
[Result "1-0"]
[WhiteElo "2475"]
[BlackElo "2435"]
[EventDate "1989.07.??"]
[PlyCount "65"]

1.e4 e5 2.Nf3 Nc6 3.Bb5 Nf6 4.O-O Nxe4 5.d4 Nd6 6.Bxc6 dxc6 7.dxe5 Ne4 8.
Qe2 Bf5 9.Be3 Bg6 10.Ne1 Qe7 11.f3 Nc5 12.f4 f5 13.Nd2 Bf7 14.Nef3 Ne6 15.
Nb3 Qb4 16.Rad1 Be7 17.Nfd4 Nxd4 18.Rxd4 Qb5 19.c4 Qa4 20.e6 Bg6 21.Rd7 
Bf6 22.Bd4 O-O 23.Rd1 Qxa2 24.Bxf6 gxf6 25.e7 Qxb3 26.exf8=Q+ Rxf8 27.Qe6+
Rf7 28.h3 b5 29.R1d4 Qxb2 30.Kh2 c5 31.Rxf7 Bxf7 32.Rd8+ Kg7 33.Rd7 1-0

[Event "zonal 14"]
[Site "Espoo FIN"]
[Date "1989.??.??"]
[Round "?"]
[White "Mortensen, Erling"]
[Black "Yrjola, Jouni"]
[Result "0-1"]
[WhiteElo "2475"]
[BlackElo "2460"]
[EventDate "1989.07.??"]
[PlyCount "78"]

1.e4 d6 2.d4 Nf6 3.Nc3 g6 4.f4 Bg7 5.Nf3 c5 6.dxc5 Qa5 7.Bd3 Qxc5 8.Qe2 
O-O 9.Be3 Qa5 10.O-O Bg4 11.Qe1 Nc6 12.Nd2 Bd7 13.Nb3 Qd8 14.h3 Nb4 15.Qf2
b5 16.a3 Nxd3 17.cxd3 Qb8 18.d4 b4 19.axb4 Qxb4 20.Nc1 Bc6 21.d5 Bd7 22.
Qc2 a5 23.Rd1 Rfc8 24.Nd3 Qc4 25.Nf2 Ne8 26.Rdc1 a4 27.Ra3 Nc7 28.Qb1 Nb5 
29.Nxb5 Qxb5 30.Nd3 Rxc1+ 31.Qxc1 Rc8 32.Qd1 Rc4 33.Qf3 Rc2 34.f5 Bf6 35.
g4 Bxb2 36.Nxb2 Qxb2 37.Rd3 a3 38.Bd4 Rc1+ 39.Rd1 Qxd4+ 0-1

[Event "zonal 14"]
[Site "Espoo FIN"]
[Date "1989.??.??"]
[Round "?"]
[White "Olafsson, Helgi"]
[Black "Agdestein, Simen"]
[Result "1/2-1/2"]
[WhiteElo "2545"]
[BlackElo "2605"]
[EventDate "1989.07.??"]
[PlyCount "27"]

1.d4 e6 2.c4 f5 3.Nc3 Nf6 4.Bg5 Bb4 5.Qb3 a5 6.a3 a4 7.Qc2 Bxc3+ 8.Qxc3 
O-O 9.f3 d6 10.e3 Qe8 11.Nh3 e5 12.Be2 Nc6 13.O-O Qh5 14.dxe5 1/2-1/2

[Event "zonal 14"]
[Site "Espoo FIN"]
[Date "1989.??.??"]
[Round "?"]
[White "Olafsson, Helgi"]
[Black "Arnason, Jon"]
[Result "1-0"]
[WhiteElo "2545"]
[BlackElo "2520"]
[EventDate "1989.07.??"]
[PlyCount "81"]

1.d4 Nf6 2.c4 e6 3.Nc3 Bb4 4.Qc2 O-O 5.a3 Bxc3+ 6.Qxc3 b6 7.Bg5 Bb7 8.Nh3 
h6 9.Bh4 g5 10.Bg3 Ne4 11.Qc2 f5 12.f3 Nxg3 13.hxg3 Qf6 14.Nf2 Nc6 15.e3 
Kg7 16.Be2 Ne7 17.O-O-O d6 18.g4 f4 19.exf4 Qxf4+ 20.Kb1 Ng6 21.Bd3 Qf7 
22.Be4 c6 23.c5 Rad8 24.Qc3 Qf6 25.Bxg6 Qxg6+ 26.Ka1 Kg8 27.Ne4 dxc5 28.
dxc5 Rd5 29.Rxd5 cxd5 30.Nd6 d4 31.Qxd4 bxc5 32.Qxc5 Ba8 33.Qxa7 Qc2 34.
Qe3 Bd5 35.Rc1 Qxg2 36.Qd3 Qxf3 37.Qg6+ Kh8 38.Qxh6+ Kg8 39.Qxg5+ Kh8 40.
Ne8 Qf7 41.Nc7 1-0

[Event "zonal 14"]
[Site "Espoo FIN"]
[Date "1989.??.??"]
[Round "?"]
[White "Olafsson, Helgi"]
[Black "Mortensen, Erling"]
[Result "1-0"]
[WhiteElo "2545"]
[BlackElo "2475"]
[EventDate "1989.07.??"]
[PlyCount "113"]

1.d4 Nf6 2.c4 g6 3.Nc3 Bg7 4.e4 d6 5.Bd3 Nc6 6.Nge2 e5 7.d5 Nd4 8.Nxd4 
exd4 9.Nb5 O-O 10.O-O Re8 11.Re1 Ng4 12.h3 c6 13.dxc6 bxc6 14.hxg4 cxb5 
15.cxb5 Qh4 16.Be2 d5 17.g3 Qh3 18.Bf3 dxe4 19.Rxe4 Rxe4 20.Bxe4 Bxg4 21.
Qf1 Qxf1+ 22.Kxf1 Bh3+ 23.Kg1 Re8 24.f3 Bd7 25.a4 f5 26.Bd5+ Kh8 27.Kf2 
Rc8 28.Ke2 Rc5 29.Bb3 h6 30.Bd2 g5 31.Rc1 Rxc1 32.Bxc1 Bf6 33.Bd5 Kg7 34.
Bc6 Bc8 35.f4 Kf8 36.a5 Ke7 37.b3 Kd8 38.Ba3 Kc7 39.Bc5 a6 40.Kd3 gxf4 41.
gxf4 h5 42.Bf3 axb5 43.Bxd4 Be7 44.Be5+ Kd7 45.Bxh5 Bb4 46.Bc3 Bd6 47.Bd2 
Bb7 48.Bg6 Be4+ 49.Kd4 Bc2 50.Bf7 Kc7 51.Bd5 Bd1 52.Kd3 Bh5 53.Be3 Be8 54.
a6 Bc6 55.Bxc6 Kxc6 56.a7 Kb7 57.Kd4 1-0

[Event "zonal 14"]
[Site "Espoo FIN"]
[Date "1989.??.??"]
[Round "?"]
[White "Ostenstad, Berge"]
[Black "Arnason, Jon"]
[Result "1-0"]
[WhiteElo "2430"]
[BlackElo "2520"]
[EventDate "1989.07.??"]
[PlyCount "111"]

1.d4 Nf6 2.Nf3 e6 3.c4 b6 4.g3 Ba6 5.Qa4 Bb7 6.Bg2 c5 7.O-O Na6 8.Ne5 cxd4
9.Bxb7 Nc5 10.Qd1 Nxb7 11.Qxd4 Qc7 12.Nc3 a6 13.Nd3 Be7 14.b3 O-O 15.Bb2 
Rfd8 16.Rfd1 Rac8 17.Qf4 d6 18.Rac1 h6 19.Ne4 Nxe4 20.Qxe4 Nc5 21.Qg4 Bf8 
22.Nf4 Qe7 23.Nh5 Qg5 24.Qf3 e5 25.e4 Nxe4 26.Nxg7 Nxg3 27.hxg3 Bxg7 28.
Qb7 b5 29.cxb5 Rxc1 30.Bxc1 Qg4 31.Rd5 axb5 32.Qxb5 Rc8 33.Be3 Kh7 34.Rxd6
Rc3 35.Qd5 e4 36.Qd1 Qf5 37.Rd5 Qg6 38.Qh5 Rc2 39.Qxg6+ Kxg6 40.Rd2 Rc1+ 
41.Kg2 Rb1 42.Rd8 Be5 43.a4 Bc3 44.Ra8 Ra1 45.Bb6 Ra2 46.a5 Be1 47.a6 Bxf2
48.Bxf2 e3 49.a7 Kf5 50.Re8 Rxa7 51.Rxe3 Rb7 52.Kf3 h5 53.Rc3 Ke5 54.Bc5 
f5 55.b4 Rh7 56.Bf2 1-0

[Event "zonal 14"]
[Site "Espoo FIN"]
[Date "1989.??.??"]
[Round "?"]
[White "Ostenstad, Berge"]
[Black "Hansen, Curt"]
[Result "0-1"]
[WhiteElo "2430"]
[BlackElo "2550"]
[EventDate "1989.07.??"]
[PlyCount "96"]

1.d4 d6 2.Nf3 Bg4 3.e4 Nf6 4.Nc3 e6 5.Be2 Be7 6.d5 e5 7.Be3 O-O 8.Nd2 Bc8 
9.O-O Nbd7 10.Na4 g6 11.c4 a5 12.Qc1 b6 13.a3 Ne8 14.b4 axb4 15.axb4 f5 
16.f3 Bg5 17.Qc3 Ng7 18.Nb2 Rb8 19.Bxg5 Qxg5 20.exf5 Nxf5 21.Ne4 Qe7 22.
Rae1 Nf6 23.Bd1 Qg7 24.Nxf6+ Qxf6 25.f4 exf4 26.Qxf6 Rxf6 27.Rxf4 Rf8 28.
Ba4 Ra8 29.Bc6 Ra2 30.Nd1 Ne7 31.Rfe4 Nxc6 32.dxc6 Bf5 33.Re7 Rf7 34.Rxf7 
Kxf7 35.Ne3 Be4 36.b5 h5 37.h4 Kf6 38.Kh2 Ke5 39.Kg3 Kd4 40.Kf4 Rf2+ 41.
Kg3 Rf7 42.Nf1 Bd3 43.Nd2 Bxc4 44.Re4+ Kd3 45.Rxc4 Kxd2 46.Re4 Kc3 47.Re6 
d5 48.Re8 d4 0-1